[Event "4NCL Division 3n"]
[Site "Redworth Hall ENG"]
[Date "2013.11.17"]
[Round "2.77"]
[White "Armstrong, Malcolm J"]
[Black "Sullivan, Daniel JS"]
[Result "1-0"]
[WhiteElo "2116"]
[BlackElo "1986"]
[PlyCount "121"]
[EventDate "2013.11.17"]
[WhiteTeam "Cheddleton 2"]
[BlackTeam "Bradford DCA Knights B"]

1. d4 d5 2. Nf3 Nf6 3. c4 c6 4. e3 a6 5. Bd2 Bf5 6. Nc3 e6 7. Be2 Nbd7 8. Nh4
Bg6 9. f4 Bd6 10. c5 Bc7 11. Nf3 Ne4 12. O-O O-O 13. g3 f6 14. Nh4 Nxc3 15.
Bxc3 Be4 16. Bd3 Bxd3 17. Qxd3 f5 18. b4 Nf6 19. Rfb1 Qd7 20. a4 Ne4 21. Be1
Rfb8 22. Ra2 b6 23. Rab2 b5 24. Ra2 Ra7 25. axb5 cxb5 26. Rba1 Qc6 27. Nf3 h6
28. Rg2 Rba8 29. Ne5 Bxe5 30. fxe5 g5 31. g4 fxg4 32. Rxg4 Rg7 33. h4 h5 34.
Rg2 g4 35. Bg3 Rf8 36. Bf4 Rgf7 37. Rga2 Ra8 38. Ra5 Rfa7 39. Kg2 Kg7 40. Rf1
Rf7 41. Bh6+ Kg6 42. Rxf7 Kxf7 43. Ra1 Kg6 44. Bg5 Rf8 45. Bf6 Rf7 46. Rf1 Qe8
47. Rf4 Kh6 48. Qf1 Kg6 49. Qb1 Qa8 50. Qd3 Qc6 51. Qf1 Qe8 52. Rxe4 dxe4 53.
Qf4 Rc7 54. Qxe4+ Kh6 55. Qf4+ Kh7 56. e4 a5 57. bxa5 Ra7 58. Qd2 Qa8 59. d5
Rxa5 60. Qg5 Ra1 61. Qg7# 1-0

[Event "4NCL Division 3n"]
[Site "Redworth Hall ENG"]
[Date "2013.11.17"]
[Round "2.79"]
[White "Zhang, Zheming"]
[Black "Slinger, AJ (Tony)"]
[Result "1-0"]
[WhiteElo "1795"]
[BlackElo "1944"]
[PlyCount "89"]
[EventDate "2013.11.17"]
[WhiteTeam "Cheddleton 2"]
[BlackTeam "Bradford DCA Knights B"]

1. e4 e5 2. Nf3 Nc6 3. Bc4 Bc5 4. c3 Nf6 5. d3 O-O 6. Nbd2 a6 7. Nf1 d5 8. exd5
Nxd5 9. Ne3 Be6 10. O-O Nxe3 11. Bxe3 Bxe3 12. fxe3 Bxc4 13. dxc4 Qe7 14. Qe2
Rad8 15. Rad1 Qe6 16. Qc2 h6 17. b3 f6 18. h3 Rf7 19. Rxd8+ Nxd8 20. Rd1 Rd7
21. Rd2 Rxd2 22. Qxd2 Qd6 23. Qd5+ Qxd5 24. cxd5 Kf7 25. Nd2 f5 26. e4 Kf6 27.
Kf2 Nf7 28. Ke3 h5 29. c4 g5 30. exf5 Kxf5 31. Ne4 b6 32. Ng3+ Kg6 33. Ne4 Kf5
34. Ng3+ Kg6 35. Ke4 h4 36. Nf5 Kf6 37. b4 g4 38. hxg4 Ng5+ 39. Ke3 h3 40. gxh3
Nxh3 41. Nh4 Ng5 42. Nf3 Nf7 43. c5 bxc5 44. bxc5 c6 45. g5+ 1-0

[Event "4NCL Division 3n"]
[Site "Redworth Hall ENG"]
[Date "2013.11.17"]
[Round "2.85"]
[White "Bennett, Patrick"]
[Black "Williamson, Roger G"]
[Result "0-1"]
[WhiteElo "2020"]
[BlackElo "2143"]
[PlyCount "50"]
[EventDate "2013.11.17"]
[WhiteTeam "Holmes Chapel"]
[BlackTeam "Ferry 'Cross the Maroczy 1"]

1. Nf3 Nf6 2. g3 d5 3. Bg2 c6 4. O-O Bg4 5. h3 Bf5 6. d3 h6 7. Nbd2 Nbd7 8. Re1
e5 9. e4 dxe4 10. dxe4 Be6 11. Qe2 Qc7 12. b3 g5 13. g4 Ng8 14. Bb2 Ne7 15. Qe3
Ng6 16. Qc3 f6 17. Nc4 Nf4 18. Ne3 h5 19. Rad1 O-O-O 20. Nf5 hxg4 21. hxg4 Bxf5
22. exf5 Qb6 23. Re4 Bc5 24. Qe1 Bxf2+ 25. Qxf2 Rh1+ 0-1

[Event "4NCL Division 3n"]
[Site "Redworth Hall ENG"]
[Date "2013.11.17"]
[Round "2.89"]
[White "Doran, Chris"]
[Black "Hawkins, James NH"]
[Result "1-0"]
[WhiteElo "1968"]
[BlackElo "1946"]
[PlyCount "79"]
[EventDate "2013.11.17"]
[WhiteTeam "Holmes Chapel"]
[BlackTeam "Ferry 'Cross the Maroczy 1"]

1. e4 e5 2. Nf3 Nc6 3. Bb5 a6 4. Ba4 Nf6 5. O-O Be7 6. Re1 b5 7. Bb3 O-O 8. a4
b4 9. d3 d6 10. Nbd2 Be6 11. Nc4 a5 12. c3 Bg4 13. h3 Bh5 14. g4 Bg6 15. Ne3
Nd7 16. Nf5 Rb8 17. Be3 Qe8 18. Rc1 Bxf5 19. gxf5 Nc5 20. Bd5 Na6 21. Bxc6 Qxc6
22. cxb4 Qd7 23. b5 Nb4 24. d4 exd4 25. Bxd4 Rfd8 26. Qd2 d5 27. Ne5 Qe8 28.
Ng4 h5 29. f6 hxg4 30. Qg5 g6 31. fxe7 Rd6 32. Qh4 f6 33. Bxf6 Rxf6 34. Qxf6
Nd3 35. exd5 Nxe1 36. Rxe1 gxh3 37. Qe6+ Kg7 38. Qe5+ Kg8 39. Qxc7 Rc8 40. Qxc8
1-0

[Event "4NCL Division 3n"]
[Site "Redworth Hall ENG"]
[Date "2013.11.17"]
[Round "2.90"]
[White "Boumphrey, Luke S"]
[Black "Raeburn, Andrew L"]
[Result "1-0"]
[WhiteElo "1989"]
[BlackElo "1791"]
[PlyCount "43"]
[EventDate "2013.11.17"]
[WhiteTeam "Ferry 'Cross the Maroczy 1"]
[BlackTeam "Holmes Chapel"]

1. e4 c5 2. Nc3 Nc6 3. f4 g6 4. Nf3 Bg7 5. Bc4 d6 6. O-O Nf6 7. e5 Nh5 8. Ng5
e6 9. d3 d5 10. Bb3 Bf8 11. f5 Nxe5 12. Ba4+ Bd7 13. fxe6 Bxa4 14. exf7+ Kd7
15. d4 cxd4 16. Nxa4 d3 17. cxd3 Qa5 18. d4 Nc6 19. Bd2 Qb5 20. Qg4+ Kc7 21.
Ne6+ Kb8 22. Bf4+ 1-0

[Event "4NCL Division 3n"]
[Site "Redworth Hall ENG"]
[Date "2013.11.17"]
[Round "2.96"]
[White "Patrick, David A"]
[Black "Latham, David"]
[Result "0-1"]
[WhiteElo "1883"]
[BlackElo "2063"]
[PlyCount "64"]
[EventDate "2013.11.17"]
[WhiteTeam "Bradford DCA Knights C"]
[BlackTeam "Spirit of Atticus B"]

1. e4 c6 2. d4 d5 3. exd5 cxd5 4. Bd3 Nf6 5. Nf3 Bg4 6. c3 Nbd7 7. h3 Bh5 8.
Bf4 e6 9. Nbd2 Be7 10. Qb3 Qb6 11. Qxb6 Nxb6 12. Bb5+ Nfd7 13. g4 Bg6 14. Ne5
a6 15. Nxg6 hxg6 16. Bd3 Na4 17. O-O-O b5 18. Bc2 Ndb6 19. Rde1 Kd7 20. Nf3 b4
21. Ne5+ Ke8 22. c4 dxc4 23. d5 b3 24. axb3 cxb3 25. Bxg6 fxg6 26. Nxg6 Nxd5
27. Rxe6 Kf7 28. Nxh8+ Rxh8 29. Rxe7+ Kxe7 30. Bg5+ Kf7 31. Rd1 Rc8+ 32. Kb1
Ndc3+ 0-1

[Event "4NCL Division 3n"]
[Site "Redworth Hall ENG"]
[Date "2013.11.17"]
[Round "2.97"]
[White "Ackley, Peter JE"]
[Black "Edwards-Wright, Miles D"]
[Result "1-0"]
[WhiteElo "2020"]
[BlackElo "1936"]
[PlyCount "85"]
[EventDate "2013.11.17"]
[WhiteTeam "Spirit of Atticus B"]
[BlackTeam "Bradford DCA Knights C"]

1. Nf3 g6 2. g3 Bg7 3. Bg2 d6 4. c4 c6 5. Nc3 e5 6. d4 Qc7 7. O-O Ne7 8. dxe5
dxe5 9. Ne4 O-O 10. Qd6 Na6 11. Rd1 Be6 12. Bg5 Qxd6 13. Nxd6 f6 14. Bd2 Rab8
15. Bc3 Rfd8 16. Rd2 b5 17. b3 b4 18. Bb2 Nc5 19. Rad1 a5 20. Ne4 Rxd2 21.
Nfxd2 Nb7 22. Nf3 Rd8 23. Rxd8+ Nxd8 24. Nc5 Kf7 25. Bxe5 fxe5 26. Ng5+ Ke8 27.
Ngxe6 Nxe6 28. Nxe6 Bh6 29. Nc5 Kd8 30. e3 Kc7 31. Kf1 Kd6 32. Ne4+ Ke6 33.
Bh3+ Kf7 34. Nd6+ Kf6 35. Nb7 Bf8 36. Nxa5 c5 37. Bg2 g5 38. Nb7 Nc8 39. Be4 h5
40. h3 Bd6 41. Bf3 Bf8 42. Bxh5 Nb6 43. Bf3 1-0

[Event "4NCL Division 3n"]
[Site "Redworth Hall ENG"]
[Date "2013.11.17"]
[Round "2.108"]
[White "Armstrong, William G"]
[Black "Norris, Michael J"]
[Result "0-1"]
[WhiteElo "1879"]
[BlackElo "1935"]
[PlyCount "70"]
[EventDate "2013.11.17"]
[WhiteTeam "Cheddleton 3"]
[BlackTeam "Manchester Manticores 2"]

1. e4 e5 2. Nf3 Nf6 3. d4 Nxe4 4. dxe5 Bc5 5. Be3 Bxe3 6. fxe3 d5 7. Bd3 O-O 8.
O-O Bg4 9. Nbd2 Nxd2 10. Qxd2 Nd7 11. Qf2 Qe7 12. Rae1 Nxe5 13. Nxe5 Qxe5 14.
Qh4 h5 15. Rf4 g6 16. h3 Be6 17. g4 Kg7 18. Qg3 Kh6 19. Qf2 Kg7 20. Rf1 hxg4
21. hxg4 f6 22. Qe2 Rf7 23. R1f2 Rh8 24. Rg2 Rh3 25. Rf3 Rxf3 26. Qxf3 Rf8 27.
c3 Rh8 28. e4 dxe4 29. Bxe4 c6 30. Re2 Qc5+ 31. Kg2 Rh4 32. Bf5 Bd5 33. Be4 Bc4
34. Rf2 Qg5 35. Kg3 Be6 {lost on time} 0-1

[Event "4NCL Division 3n"]
[Site "Redworth Hall ENG"]
[Date "2013.11.17"]
[Round "2.55"]
[White "Carleton, John J"]
[Black "Hamer, Martyn"]
[Result "1/2-1/2"]
[WhiteElo "2252"]
[BlackElo "2005"]
[PlyCount "125"]
[EventDate "2013.11.17"]
[WhiteTeam "Spirit of Atticus A"]
[BlackTeam "Manchester Manticores 1"]

1. e4 Nf6 2. e5 Nd5 3. d4 d6 4. c4 Nb6 5. exd6 exd6 6. Nc3 Be7 7. Bd3 Nc6 8.
Nge2 O-O 9. b3 Re8 10. O-O Bg4 11. h3 Bxe2 12. Nxe2 d5 13. c5 Nd7 14. Bb2 Bf6
15. Qd2 Nf8 16. Rad1 Ne6 17. Bb1 g6 18. f4 Bg7 19. f5 Nf8 20. Ng3 Qh4 21. Rf3
Bh6 22. Qf2 Re7 23. Kh2 Rae8 24. fxg6 hxg6 25. Nf5 Qxf2 26. Nxe7+ Rxe7 27. Rxf2
Ne6 28. g3 Rd7 29. Re2 Kh7 30. Kg2 Bg7 31. h4 Re7 32. Kf1 Kg8 33. a3 Kf8 34. b4
a6 35. Ba2 Rd7 36. Kg2 Ncxd4 37. Rf2 Nf5 38. Bxg7+ Kxg7 39. Rxf5 gxf5 40. Rxd5
Rxd5 41. Bxd5 c6 42. Bc4 a5 43. Kf2 axb4 44. axb4 Kf6 45. Ke3 Ng7 46. Be2 Ne6
47. Bf3 Nc7 48. Kd4 Nb5+ 49. Kd3 Nc7 50. Kd4 Nb5+ 51. Kc4 Ke5 52. Bh5 Kf6 53.
g4 fxg4 54. Bxg4 Na7 55. Kb3 Ke5 56. Bd7 f5 57. Ka4 f4 58. Ka5 f3 59. Kb6 Nb5
60. Kxb7 Nd4 61. Bh3 Kf4 62. Kc7 Kg3 63. Bf1 1/2-1/2

[Event "4NCL Division 3n"]
[Site "Redworth Hall ENG"]
[Date "2013.11.17"]
[Round "2.58"]
[White "Whitehead, Mark A"]
[Black "Smith, Andrew P"]
[Result "1/2-1/2"]
[WhiteElo "2024"]
[BlackElo "2134"]
[PlyCount "80"]
[EventDate "2013.11.17"]
[WhiteTeam "Manchester Manticores 1"]
[BlackTeam "Spirit of Atticus A"]

1. e4 e5 2. Nf3 d6 3. d4 Nd7 4. Nc3 c6 5. Be2 h6 6. a4 a5 7. O-O Ne7 8. Be3 Ng6
9. Qd2 Be7 10. h3 O-O 11. Rad1 Qc7 12. Nh2 Nf6 13. Ng4 Nxg4 14. hxg4 exd4 15.
Bxd4 Ne5 16. f3 Be6 17. f4 Nxg4 18. f5 Bg5 19. Qd3 c5 20. Nb5 Qe7 21. Bxg4 cxd4
22. fxe6 Be3+ 23. Kh1 Qh4+ 24. Bh3 fxe6 25. Nxd4 Bf2 26. Nf3 Qg3 27. Qe2 Bc5
28. Qe1 Qg6 29. Qh4 Rf6 30. Qg4 Qf7 31. Nd2 Re8 32. c3 d5 33. Rxf6 Qxf6 34. Rf1
Qe5 35. Qf4 Qxf4 36. Rxf4 Be3 37. Rf1 Bxd2 38. Rd1 Bf4 39. exd5 exd5 40. Bg4 g5
1/2-1/2

[Event "4NCL Division 3n"]
[Site "Redworth Hall ENG"]
[Date "2013.11.17"]
[Round "2.65"]
[White "Woolley, Jos"]
[Black "Walker, David J"]
[Result "0-1"]
[WhiteElo "2116"]
[BlackElo "2259"]
[PlyCount "44"]
[EventDate "2013.11.17"]
[WhiteTeam "Jorvik"]
[BlackTeam "North East England 1"]

1. d4 Nf6 2. Nf3 g6 3. c4 Bg7 4. Nc3 O-O 5. e4 d6 6. Be2 e5 7. O-O exd4 8. Nxd4
Re8 9. f3 Nc6 10. Be3 Nh5 11. Qd2 Nxd4 12. Bxd4 Nf4 13. Rfd1 Nxe2+ 14. Nxe2 Be6
15. b3 Be5 16. Qh6 Qf6 17. Rac1 a5 18. a4 Qg7 19. Qd2 f5 20. exf5 Bxf5 21. Nc3
Bxd4+ 22. Qxd4 Re1+ 0-1

[Event "4NCL Division 3n"]
[Site "Redworth Hall ENG"]
[Date "2013.11.17"]
[Round "2.67"]
[White "Mounce, Richard B"]
[Black "Coathup, Roger H"]
[Result "1/2-1/2"]
[WhiteElo "2044"]
[BlackElo "2129"]
[PlyCount "57"]
[EventDate "2013.11.17"]
[WhiteTeam "Jorvik"]
[BlackTeam "North East England 1"]

1. e4 c5 2. Nf3 e6 3. d4 cxd4 4. Nxd4 a6 5. Nc3 Qc7 6. Bd3 Nf6 7. O-O Nc6 8.
Nb3 b5 9. Be3 d6 10. f4 Be7 11. Qf3 O-O 12. a4 b4 13. Ne2 Bb7 14. Ng3 Na5 15.
Nxa5 Qxa5 16. Bd4 Rac8 17. Qe3 Qc7 18. e5 Nd7 19. Nh5 dxe5 20. Qg3 g6 21. fxe5
Bc5 22. Bxc5 Qxc5+ 23. Kh1 Nxe5 24. Nf6+ Kg7 25. Nh5+ Kh8 26. Qg5 f5 27. Nf4
Rce8 28. Rae1 Nxd3 29. Nxg6+ 1/2-1/2

[Event "4NCL Division 3n"]
[Site "Redworth Hall ENG"]
[Date "2013.11.17"]
[Round "2.75"]
[White "Wallace, Paul A"]
[Black "Bowler, James P"]
[Result "1/2-1/2"]
[WhiteElo "2145"]
[BlackElo "1702"]
[PlyCount "80"]
[EventDate "2013.11.17"]
[WhiteTeam "Cheddleton 2"]
[BlackTeam "Bradford DCA Knights B"]

1. e4 c5 2. Nf3 e6 3. d4 cxd4 4. Nxd4 Bc5 5. Nb3 Bb6 6. Bd3 Ne7 7. O-O O-O 8.
c4 Nbc6 9. Nc3 f5 10. c5 Bc7 11. f4 b6 12. Be3 Bb7 13. Qd2 Nb4 14. Bb1 fxe4 15.
Bxe4 Nbd5 16. Kh1 Nf5 17. Bxd5 exd5 18. cxb6 axb6 19. Nb5 Rf6 20. Nxc7 Qxc7 21.
Nd4 Nd6 22. f5 Ne4 23. Qb4 Re8 24. Rac1 Qd8 25. Bf4 Nc5 26. Rxc5 bxc5 27. Qxb7
cxd4 28. Qxd5+ Rf7 29. Qxd4 Rxf5 30. Rd1 d5 31. g3 Qa5 32. Qd3 g6 33. Bd2 Qxa2
34. Bc3 Qa7 35. Rf1 Ref8 36. Rxf5 Rxf5 37. g4 Rf7 38. Qxd5 Qa1+ 39. Kg2 Qf1+
40. Kg3 Qf4+ 1/2-1/2

[Event "4NCL Division 3n"]
[Site "Redworth Hall ENG"]
[Date "2013.11.17"]
[Round "2.76"]
[White "Jennings, Roger W"]
[Black "Richardson, Alex"]
[Result "1/2-1/2"]
[WhiteElo "2146"]
[BlackElo "2111"]
[PlyCount "92"]
[EventDate "2013.11.17"]
[WhiteTeam "Bradford DCA Knights B"]
[BlackTeam "Cheddleton 2"]

1. g3 c5 2. Bg2 g6 3. Nf3 Bg7 4. O-O Nc6 5. d3 d5 6. Nc3 Nf6 7. Bf4 O-O 8. Ne5
Nd4 9. e4 Be6 10. Ne2 Qb6 11. Nxd4 cxd4 12. exd5 Nxd5 13. Bxd5 Bxd5 14. Nd7
Qxb2 15. Nxf8 Kxf8 16. Qd2 Qb6 17. Bh6 Rc8 18. Bxg7+ Kxg7 19. Qg5 Qc5 20. Rab1
f6 21. Qg4 Rc7 22. Rb2 h5 23. Qe2 e5 24. f4 exf4 25. Rxf4 Bc6 26. Qe6 Rf7 27.
Qc4 Qe5 28. Qxd4 Qe1+ 29. Rf1 Qe2 30. c4 Qe6 31. Rbf2 b6 32. Qc3 b5 33. Re1 Qd6
34. Rf4 Rd7 35. Ref1 Rf7 36. Qd4 Qe6 37. cxb5 Bxb5 38. Re4 Qa6 39. Ref4 Bxd3
40. R1f2 Bf5 41. Qc4 Qb6 42. Rxf5 gxf5 43. Qd3 Rb7 44. Qxf5 Qb1+ 45. Qxb1 Rxb1+
46. Kg2 Kg6 1/2-1/2

[Event "4NCL Division 3n"]
[Site "Redworth Hall ENG"]
[Date "2013.11.17"]
[Round "2.95"]
[White "Robertson, David J"]
[Black "McCarthy, Damian"]
[Result "0-1"]
[WhiteElo "1935"]
[BlackElo "1907"]
[PlyCount "40"]
[EventDate "2013.11.17"]
[WhiteTeam "Spirit of Atticus B"]
[BlackTeam "Bradford DCA Knights C"]

1. e4 c5 2. Nf3 g6 3. d4 cxd4 4. Nxd4 Nc6 5. Nc3 Bg7 6. Be3 Nf6 7. Bc4 O-O 8.
f3 Qb6 9. a3 Ng4 10. Nd5 Nxe3 11. Nxb6 Nxd1 12. Nxc6 dxc6 13. Nxa8 Nxb2 14. Be2
Nd3+ 15. Bxd3 Bxa1 16. Ke2 Be5 17. Rb1 Be6 18. Rxb7 Rxa8 19. a4 Kf8 20. a5 Bxh2
0-1

[Event "4NCL Division 3n"]
[Site "Redworth Hall ENG"]
[Date "2013.11.17"]
[Round "2.98"]
[White "Bramson, Mike"]
[Black "Mort, Andrew J"]
[Result "1-0"]
[WhiteElo "1803"]
[BlackElo "2006"]
[PlyCount "65"]
[EventDate "2013.11.17"]
[WhiteTeam "Bradford DCA Knights C"]
[BlackTeam "Spirit of Atticus B"]

1. e4 c6 2. c4 d5 3. cxd5 cxd5 4. exd5 Qxd5 5. Nc3 Qd8 6. Nf3 Nf6 7. d4 e6 8.
Bd3 Be7 9. O-O O-O 10. Ne5 Nc6 11. Be3 Nb4 12. Bb1 a6 13. a3 Nbd5 14. Qd3 g6
15. Bh6 Re8 16. Re1 Bf8 17. Bg5 Be7 18. Qf3 Nxc3 19. bxc3 Rf8 20. Bh6 Rb8 21.
h4 Nd7 22. Bxf8 Qxf8 23. h5 Nxe5 24. dxe5 Bxa3 25. Rd1 Be7 26. Ra4 b5 27. Rg4
Kg7 28. Rdd4 a5 29. Qg3 Qe8 30. Rdf4 Bd7 31. hxg6 hxg6 32. Rxf7+ Qxf7 33. Bxg6
1-0

[Event "4NCL Division 3n"]
[Site "Redworth Hall ENG"]
[Date "2013.11.17"]
[Round "2.99"]
[White "Connor, Stephen J"]
[Black "Mahoney, Nicholas"]
[Result "1-0"]
[WhiteElo "2004"]
[BlackElo "1781"]
[PlyCount "109"]
[EventDate "2013.11.17"]
[WhiteTeam "Spirit of Atticus B"]
[BlackTeam "Bradford DCA Knights C"]

1. e4 c5 2. Nf3 d6 3. d4 cxd4 4. Nxd4 Nf6 5. Nc3 a6 6. Be2 e5 7. Nf3 h6 8. h3
Be7 9. Be3 Qc7 10. O-O b5 11. Nd5 Nxd5 12. Qxd5 Bb7 13. Qd3 Nd7 14. Nd2 Rc8 15.
c3 Nf6 16. a4 O-O 17. axb5 axb5 18. f3 d5 19. Qxb5 Bc6 20. Qa5 Qd6 21. exd5 Ra8
22. Qb6 Nxd5 23. Nc4 Qf6 24. Qb3 Rab8 25. Qc2 Nxe3 26. Nxe3 Bc5 27. Qc1 Qf4 28.
Kf2 Rfd8 29. b4 Qh4+ 30. g3 Bxe3+ 31. Qxe3 Qxh3 32. Rh1 Qf5 33. g4 Qf6 34. Ra5
Re8 35. Rh5 g5 36. Kg3 Qd6 37. Qc5 Qd2 38. Rxh6 Qe1+ 39. Qf2 Qxc3 40. Rc5 Qxb4
41. Rhxc6 Qf4+ 42. Kg2 Rb2 43. Rc2 Rxc2 44. Rxc2 Kg7 45. Rc4 Qf6 46. Re4 Qh6
47. Qc5 Rh8 48. Qxe5+ f6 49. Qc7+ Kg6 50. Re7 Qh1+ 51. Kf2 Rh2+ 52. Ke3 Qg1+
53. Kd3 Qb1+ 54. Qc2 Qb5+ 55. Kd2+ 1-0

[Event "4NCL Division 3n"]
[Site "Redworth Hall ENG"]
[Date "2013.11.17"]
[Round "2.105"]
[White "Hilton, Tim"]
[Black "Edwards, Simon R"]
[Result "1-0"]
[WhiteElo "1742"]
[BlackElo "1965"]
[PlyCount "35"]
[EventDate "2013.11.17"]
[WhiteTeam "Manchester Manticores 2"]
[BlackTeam "Cheddleton 3"]

1. e4 c5 2. c3 d5 3. exd5 Qxd5 4. d4 cxd4 5. cxd4 Nc6 6. Nf3 Bg4 7. Be2 e6 8.
Nc3 Bb4 9. O-O Qd7 10. d5 exd5 11. Nxd5 Nge7 12. Nxb4 Nxb4 13. Qb3 Nbc6 14. Rd1
Qc7 15. Ng5 Ne5 16. Bxg4 h6 17. Ne4 Nxg4 18. Nd6+ 1-0

[Event "4NCL Division 3n"]
[Site "Redworth Hall ENG"]
[Date "2013.11.17"]
[Round "2.117"]
[White "Stephens, Ian Paul"]
[Black "Kendall, Paul SN"]
[Result "0-1"]
[WhiteElo "1875"]
[BlackElo "2028"]
[PlyCount "92"]
[EventDate "2013.11.17"]
[WhiteTeam "Ferry 'Cross the Maroczy 2"]
[BlackTeam "North East England 2"]

1. e4 c5 2. Nf3 Nc6 3. d4 cxd4 4. Nxd4 g6 5. Be3 Bg7 6. Nc3 Nf6 7. f3 O-O 8.
Bc4 Qb6 9. Qd2 Nxe4 10. fxe4 Bxd4 11. Bxd4 Qxd4 12. Qxd4 Nxd4 13. Kd2 Rb8 14.
Raf1 b5 15. Bd3 e6 16. Ke3 b4 17. Kxd4 bxc3 18. Kxc3 Bb7 19. Rf2 f5 20. exf5
gxf5 21. b3 Rf7 22. Re1 Rbf8 23. Re5 Bd5 24. Kd2 d6 25. Re1 e5 26. c4 Bb7 27.
c5 e4 28. Bb5 a6 29. c6 axb5 30. cxb7 Rxb7 31. Ref1 Rbf7 32. Ke3 Kg7 33. Kd4
Rf6 34. Rc2 Re8 35. Rc7+ Kg6 36. Rb7 f4 37. Rxb5 f3 38. gxf3 exf3 39. Rg1+ Kh6
40. Rgg5 f2 41. Rh5+ Kg7 42. Rb7+ Kg6 43. Rbxh7 Rf4+ 44. Kc3 f1=Q 45. R5h6+ Kf5
46. Rh5+ Ke4 0-1

[Event "4NCL Division 3n"]
[Site "Shrigley Hall ENG"]
[Date "2014.01.11"]
[Round "3.55"]
[White "Wise, David"]
[Black "Lund, D Brett"]
[Result "1/2-1/2"]
[WhiteElo "2107"]
[BlackElo "2253"]
[PlyCount "98"]
[EventDate "2014.01.11"]
[WhiteTeam "North East England 2"]
[BlackTeam "Spirit of Atticus A"]

1. e4 d6 2. d4 Nf6 3. Nc3 c6 4. a4 Qa5 5. Bd2 e5 6. dxe5 dxe5 7. Nd5 Qd8 8.
Nxf6+ Qxf6 9. Qf3 Qg6 10. Bc4 Bc5 11. h3 O-O 12. Ne2 Be6 13. Bd3 Na6 14. Bxa6
bxa6 15. g4 Rab8 16. b3 Bb4 17. O-O-O Bxd2+ 18. Rxd2 Qg5 19. Rhd1 c5 20. c4 Rb4
21. Kc2 Rfb8 22. Qe3 Qe7 23. Nc1 h5 24. f3 Kh7 25. Qc3 Qg5 26. Re2 Qf4 27. Qe3
Qxe3 28. Rxe3 Kh6 29. Rd6 R4b6 30. Red3 a5 31. Ne2 Kg5 32. Rxb6 axb6 33. Kd2 g6
34. Ke3 Kh4 35. gxh5 Kxh5 36. Rd6 Bxh3 37. Nc3 Be6 38. Nd5 Bxd5 39. exd5 Kg5
40. Ke4 Re8 41. Rxb6 f5+ 42. Ke3 e4 43. f4+ Kh5 44. d6 Rd8 45. b4 axb4 46. a5
Rd7 47. a6 g5 48. fxg5 Kxg5 49. Rb8 Ra7 1/2-1/2

[Event "4NCL Division 3n"]
[Site "Shrigley Hall ENG"]
[Date "2014.01.11"]
[Round "3.66"]
[White "Acey, Gerald"]
[Black "Dunn, Andrew"]
[Result "0-1"]
[WhiteElo "2114"]
[BlackElo "2225"]
[PlyCount "106"]
[EventDate "2014.01.11"]
[WhiteTeam "Cheddleton 2"]
[BlackTeam "North East England 1"]

1. Nf3 d5 2. g3 Nf6 3. Bg2 c6 4. c4 dxc4 5. O-O Nbd7 6. Qc2 Nb6 7. Na3 Be6 8.
Ng5 Bg4 9. Re1 h6 10. Nf3 Qd5 11. b3 cxb3 12. axb3 e5 13. Nc4 Nxc4 14. bxc4 Qe6
15. Qb3 Bc5 16. Bb2 Ne4 17. d4 exd4 18. Nxd4 Bxd4 19. Bxd4 Nd6 20. Bxg7 Rg8 21.
Bd4 Qxc4 22. Qe3+ Qe6 23. Qf4 Nb5 24. Be3 h5 25. Bf3 a6 26. Ra4 Bxf3 27. exf3
O-O-O 28. Re4 Qd7 29. Bc5 Rge8 30. Be7 Nc3 31. Bxd8 Nxe4 32. Bb6 Nf6 33. Rxe8+
Nxe8 34. Qe5 h4 35. gxh4 f6 36. Qe4 f5 37. Qe5 Qg7+ 38. Qxg7 Nxg7 39. Kf1 Kd7
40. Ke2 Ke6 41. Ke3 Nh5 42. Kd4 Nf6 43. Bd8 Nd7 44. h5 c5+ 45. Kc3 b5 46. h4
Kf7 47. Bg5 Nb6 48. Kb3 a5 49. h6 a4+ 50. Kc3 Nd5+ 51. Kc2 Kg6 52. Bc1 c4 53.
Bd2 b4 0-1

[Event "4NCL Division 3n"]
[Site "Shrigley Hall ENG"]
[Date "2014.01.11"]
[Round "3.57"]
[White "Kendall, Paul SN"]
[Black "Carleton, John J"]
[Result "1-0"]
[WhiteElo "2027"]
[BlackElo "2245"]
[PlyCount "54"]
[EventDate "2014.01.11"]
[WhiteTeam "North East England 2"]
[BlackTeam "Spirit of Atticus A"]

1. e4 Nf6 2. e5 Nd5 3. c4 Nb6 4. d4 d6 5. exd6 exd6 6. Nf3 Nc6 7. Nc3 Be7 8.
Be3 O-O 9. Be2 Re8 10. O-O Bf6 11. Rc1 Bg4 12. b3 d5 13. c5 Nc8 14. b4 N8e7 15.
h3 Be6 16. Qa4 a6 17. b5 axb5 18. Qxb5 Qd7 19. Qb1 Nf5 20. Bb5 g6 21. Rfe1 Nh4
22. Nxh4 Bxh4 23. Bf1 Ne7 24. Nb5 Bf6 25. Bf4 Rec8 26. Red1 Nf5 27. Be5 Be7 1-0

[Event "4NCL Division 3n"]
[Site "?"]
[Date "2014.01.11"]
[Round "?"]
[White "Robson, P."]
[Black "Robertson, D."]
[Result "1/2-1/2"]
[WhiteElo "1910"]
[BlackElo "1925"]
[PlyCount "43"]
[EventDate "2014.??.??"]
[WhiteTeam "North East England 2"]
[BlackTeam "Spirit of Atticus A"]

1. e4 c5 2. Nf3 e6 3. b3 a6 4. Bb2 Nc6 5. d3 Qc7 6. g3 Nf6 7. Bg2 Be7 8. O-O
O-O 9. Nbd2 d5 10. h3 d4 11. a4 e5 12. Nh2 Ne8 13. f4 f6 14. f5 Nd6 15. Ndf3
Bd7 16. Nh4 Rfc8 17. Bc1 Be8 18. Qf3 b5 19. g4 c4 20. Kh1 cxd3 21. cxd3 Nb4 22.
Ba3 {rest of score illegible} 1/2-1/2

[Event "4NCL Division 3n"]
[Site "Shrigley Hall ENG"]
[Date "2014.01.11"]
[Round "3.78"]
[White "Odunaiya, A David"]
[Black "Flores, Marciel T"]
[Result "1-0"]
[WhiteElo "2266"]
[BlackElo "2101"]
[PlyCount "57"]
[EventDate "2014.01.11"]
[WhiteTeam "Ferry 'Cross the Maroczy 1"]
[BlackTeam "Manchester Manticores 1"]

1. d4 Nf6 2. Nf3 e6 3. Bf4 Be7 4. e3 O-O 5. Bd3 b6 6. O-O Bb7 7. Nbd2 d5 8. Re1
Nbd7 9. c3 Rc8 10. Ne5 Ne4 11. Nxe4 dxe4 12. Bc2 Nf6 13. a4 a6 14. h3 c5 15.
Qe2 Nd5 16. dxc5 Nxf4 17. exf4 Rxc5 18. Bxe4 Bxe4 19. Qxe4 Qc8 20. Rad1 Rd8 21.
Rxd8+ Bxd8 22. Rd1 g6 23. Nd7 Ra5 24. Qb4 Bc7 25. Qe7 Bxf4 26. Nf6+ Kg7 27. Rd8
Qc4 28. Ng4 Bh2+ 29. Kxh2 1-0

[Event "4NCL Division 3n"]
[Site "Shrigley Hall ENG"]
[Date "2014.01.11"]
[Round "3.109"]
[White "Pollard, Matthew B"]
[Black "Cowan, Richard M"]
[Result "0-1"]
[WhiteElo "1789"]
[BlackElo "1803"]
[PlyCount "116"]
[EventDate "2014.01.11"]
[WhiteTeam "Manchester Manticores 2"]
[BlackTeam "Jorvik"]

1. e4 c6 2. d4 d5 3. exd5 cxd5 4. c4 Nf6 5. Nc3 e6 6. Nf3 Bb4 7. Qb3 Nc6 8. Bg5
O-O 9. a3 Bxc3+ 10. bxc3 h6 11. Bh4 b6 12. Bd3 dxc4 13. Qxc4 Bb7 14. Qa2 e5 15.
O-O exd4 16. cxd4 Nxd4 17. Nxd4 Qxd4 18. Qc4 Rfd8 19. Rad1 Qxc4 20. Bxc4 g5 21.
Bg3 Bd5 22. Ba6 Rd7 23. Rfe1 Rad8 24. Bb5 Bb3 25. Rb1 Rd1 26. Kf1 Ne4 27. Rexd1
Nxg3+ 28. hxg3 Bxd1 29. Ke1 Bc2 30. Rc1 Rd5 31. a4 a6 32. Bxa6 Bxa4 33. Rc7 b5
34. f4 Kg7 35. Bb7 Rd4 36. f5 b4 37. Bc8 b3 38. Rb7 Kf6 39. Ke2 Rd8 40. Rb6+
Ke5 41. Ba6 Kxf5 42. Rb4 Bc6 43. g4+ Ke5 44. g3 Bd5 45. Ke3 Ra8 46. Bd3 Ra2 47.
Rb5 Ra4 48. Bf5 Ra3 49. Bd3 Ra4 50. Bf5 f6 51. Kd3 Rd4+ 52. Ke3 Rc4 53. Kd3 Kd6
54. Rb8 Rc7 55. Kd2 Rb7 56. Rd8+ Kc5 57. Kc3 b2 58. Bb1 Rb3+ 0-1

[Event "4NCL Division 3n"]
[Site "Shrigley Hall ENG"]
[Date "2014.01.11"]
[Round "3.70"]
[White "Edwards, Simon R"]
[Black "Solomon, Norman"]
[Result "1-0"]
[WhiteElo "1946"]
[BlackElo "2135"]
[PlyCount "53"]
[EventDate "2014.01.11"]
[WhiteTeam "Cheddleton 2"]
[BlackTeam "North East England 1"]

1. e4 Nf6 2. e5 Nd5 3. d4 d6 4. c4 Nb6 5. exd6 exd6 6. Bd3 Nc6 7. Ne2 Nb4 8.
Nbc3 Nxd3+ 9. Qxd3 Be7 10. O-O O-O 11. b3 Bg4 12. Ng3 d5 13. c5 Nc8 14. Qb5 Rb8
15. c6 Nb6 16. cxb7 Rxb7 17. Qc6 Rb8 18. Bf4 Rc8 19. Qb7 Bd6 20. Bxd6 Qxd6 21.
Nb5 Qf4 22. Rac1 Qd2 23. Nxa7 Rb8 24. Qxc7 Rbc8 25. Nxc8 Rxc8 26. Qxb6 Rxc1 27.
Qd8# 1-0